Philosophy of geometry from Riemann to Poincare

Saved in:
Bibliographic Details
Main Author: Torretti, Roberto, 1930-
Format: Book
Language:English
Published: Dordrecht, Holland : D. Reidel pub., c1978.
Series:Episteme ; 7
Subjects:
Tags: Add Tag
No Tags, Be the first to tag this record!

MARC

LEADER 00000cam a2200000 i 4500
001 1/1297
008 000417s1978 ne | ||| |||| ||eng||
020 |a 9027709203 
035 |l 10059968 
040 |a GR-MyUa  |b gre  |e AACR2 
041 0 |a eng 
082 7 |a 516.001   |2 (22) 
100 1 |a Torretti, Roberto,   |d 1930- 
245 1 0 |a Philosophy of geometry from Riemann to Poincare /   |c Roberto Torretti. 
260 |a Dordrecht, Holland :   |b D. Reidel pub.,   |c c1978. 
300 |a xiii, 459 σ. :   |b εικ. ;   |c 23 εκ. 
490 1 |a (Episteme ;   |v 7) 
504 |a Περιλαμβάνει βιβλιογραφίες και ευρετήριο. 
650 0 0 |a Geometry  |x Philosophy. 
650 0 0 |a Geometry  |x History. 
830 0 |a Episteme ;  |v 7 
852 |a INST  |b SAMOS  |e 20000417  |h 516.001 TOR  |p 005300017569  |q 005300017569  |t BK  |y 0 
901 |a BIBL3-2000-2 
922 |a 3ΕΛΗ  |b 200003  |c ΚΠΣ  |d ΠΑΠΑΣΩΤΗΡΙΟΥ 
950 |a 116-1999-12-28 
970 |a ΓΕΝΟΥΖΟΥ  |b ΧΡΥΣΑΝΘΗ  |z 2000/05/17